| 000 | 005530000a22001570004500 | ||
|---|---|---|---|
| 090 |
_aAR _b01032 |
||
| 245 | 1 | 0 | _aMaravillosa cueva de los Guacharos en el departamento del Huila |
| 650 | 1 | 4 |
_aEspeleología _94156 |
| 650 | 1 | 4 |
_aDescripción de cavernas _993586 |
| 650 | 1 | 4 |
_aGeología _993001 |
| 651 | 4 |
_lCueva de Los Guácharos _dHuila _pColombia _992749 |
|
| 041 | 0 | _aEspañol | |
| 100 | 1 |
_aRamírez, Jesús Emilio _951590 |
|
| 942 | _cARTICULO | ||
| 773 | 1 |
_tRevista de la Academia Colombiana de Ciencias Exactas, Fisicas y Naturales _332 _h35 _q146-152 _d1954 |
|
| 999 |
_c10120 _d10120 |
||